[Pi] (Record no. 66642)
[ view plain ]
| 000 -LEADER | |
|---|---|
| campo de control de longitud fija | 02558cgm a2200577Ia 4500 |
| 001 - NÚMERO DE CONTROL | |
| campo de control | 38175 |
| 005 - FECHA Y HORA DE LA ÚLTIMA TRANSACCIÓN | |
| campo de control | 20230410123813.0 |
| 007 - CAMPO FIJO DE DESCRIPCIÓN FÍSICA--INFORMACIÓN GENERAL | |
| campo de control de longitud fija | vd bgaizq |
| 008 - DATOS DE LONGITUD FIJA--INFORMACIÓN GENERAL | |
| campo de control de longitud fija | 990224s2001 cau085 vleng d |
| 035 ## - NÚMERO DE CONTROL DEL SISTEMA | |
| Número de control de sistema | (OCoLC)ocm40852127 |
| 040 ## - FUENTE DE CATALOGACIÓN | |
| Centro catalogador/agencia de origen | MCP |
| Centro/agencia transcriptor | MCP |
| Centro/agencia modificador | UMC |
| -- | EMU |
| -- | XFF |
| -- | IBI |
| -- | MBB |
| -- | OCL |
| -- | OMP |
| -- | VP@ |
| 020 ## - NÚMERO INTERNACIONAL ESTÁNDAR DEL LIBRO | |
| Número Internacional Estándar del Libro | 078401213X |
| 020 ## - NÚMERO INTERNACIONAL ESTÁNDAR DEL LIBRO | |
| Número Internacional Estándar del Libro | 9780784012130 |
| 024 10 - IDENTIFICADOR DE OTROS ESTÁNDARES | |
| Número estándar o código | 012236049401 |
| 028 42 - NÚMERO DE EDITOR O DISTRIBUIDOR | |
| Número de editor o de distribuidor | 60494 |
| Fuente | Artisan Entertainment |
| 050 14 - SIGNATURA TOPOGRÁFICA DE LA BIBLIOTECA DEL CONGRESO | |
| Número de clasificación | CM DVD 00226 |
| 035 ## - NÚMERO DE CONTROL DEL SISTEMA | |
| Número de control de sistema | (OCoLC)40852127 |
| 082 #4 - NÚMERO DE LA CLASIFICACIÓN DECIMAL DEWEY | |
| Número de clasificación | 791.72 |
| 049 ## - FONDOS LOCALES (OCLC) | |
| Biblioteca depositaria | GRAL |
| 245 10 - MENCIÓN DEL TÍTULO | |
| Título | [Pi] |
| Medio | [videorecording] / |
| Mención de responsabilidad, etc. | Harvest Filmworks, Truth & Soul, Plantain Films present ... a film by Darren Aronofsky ; produced by Eric Watson ; written & directed by Darren Aronofsky. |
| 246 1# - FORMA VARIANTE DEL TITULO | |
| Texto de visualización | Title on container: |
| Título propio/Titulo breve | [Pi] : |
| Resto del título | faith in chaos |
| 250 ## - MENCION DE EDICION | |
| Mención de edición | Widescreen version. |
| 260 ## - PUBLICACIÓN, DISTRIBUCIÓN, ETC. | |
| Lugar de publicación, distribución, etc. | Santa Monica, Calif. : |
| Nombre del editor, distribuidor, etc. | Artisan Entertainment, |
| Fecha de publicación, distribución, etc. | [2001] |
| 300 ## - DESCRIPCIÓN FÍSICA | |
| Extensión | 1 videodisc (85 min) : |
| Otras características físicas | sd., b&w ; |
| Dimensiones | 4 3/4 in. |
| 538 ## - NOTA DE DETALLES DEL SISTEMA | |
| Nota de detalles del sistema | DVD. |
| 546 ## - NOTA DE IDIOMA | |
| Nota de lengua/lenguaje | Closed-captioned in English for the hearing impaired. |
| 511 0# - NOTA DE PARTICIPANTES O INTÉRPRETES | |
| Nota de participantes o intérpretes | Sean Gullette, Mark Margolis, Ben Shenkman, Samia Shoaib, Pamela Hart, Ajay Naidu, Joanne Gordon, Stephen Pearlman. |
| 508 ## - NOTA DE CRÉDITOS DE CREACIÓN O PRODUCCIÓN | |
| Nota de créditos de creación o producción | Director of photography, Matthew Libatique ; editor, Oren Sarch ; music, Clint Mansell. |
| 500 ## - NOTA GENERAL | |
| Nota general | Title is the mathematical symbol for Pi. |
| 500 ## - NOTA GENERAL | |
| Nota general | Originally released as a motion picture in 1998. |
| 500 ## - NOTA GENERAL | |
| Nota general | Digitally mastered, Dolby surround. |
| 500 ## - NOTA GENERAL | |
| Nota general | Includes Darren Aronofsky's and Sean Gullette's commentary on secondary audio tracks. |
| 500 ## - NOTA GENERAL | |
| Nota general | Special features include: four scenes that were omitted from the theatrical release ; two theatrical trailers ; a behind the scenes montage ; a musical video ; cast and crew biographies ; scene selection ; production notes. |
| 520 ## - RESUMEN, ETC. | |
| Sumario, etc. | A brilliant mathematician teeters on the brink of insanity as he searches for an elusive numerical code that will allow him to predict patterns in the stock market. |
| 521 8# - NOTA DE PÚBLICO DESTINATARIO | |
| Nota de público destinatario | MPAA rating: R. |
| 650 #0 - PUNTO DE ACCESO ADICIONAL DE MATERIA--TÉRMINO DE MATERIA | |
| Término de materia o nombre geográfico como elemento de entrada | Mathematicians |
| Subdivisión de forma | Drama. |
| 650 #0 - PUNTO DE ACCESO ADICIONAL DE MATERIA--TÉRMINO DE MATERIA | |
| Término de materia o nombre geográfico como elemento de entrada | Stock exchanges |
| Subdivisión general | Mathematical models |
| Subdivisión de forma | Drama. |
| 650 #0 - PUNTO DE ACCESO ADICIONAL DE MATERIA--TÉRMINO DE MATERIA | |
| Término de materia o nombre geográfico como elemento de entrada | Feature films. |
| 650 #0 - PUNTO DE ACCESO ADICIONAL DE MATERIA--TÉRMINO DE MATERIA | |
| Término de materia o nombre geográfico como elemento de entrada | Video recordings for the hearing impaired. |
| 655 #7 - TERMINO DE INDIZACIÓN--GENERO/FORMA | |
| Datos o término principal de género/forma | Feature films. |
| Fuente del término | local |
| 700 1# - ENTRADA AGREGADA--NOMBRE PERSONAL | |
| Nombre de persona | Aronofsky, Darren. |
| 700 1# - ENTRADA AGREGADA--NOMBRE PERSONAL | |
| Nombre de persona | Gullette, Sean. |
| 700 1# - ENTRADA AGREGADA--NOMBRE PERSONAL | |
| Nombre de persona | Margolis, Mark. |
| 700 1# - ENTRADA AGREGADA--NOMBRE PERSONAL | |
| Nombre de persona | Shenkman, Ben. |
| 710 2# - ENTRADA AGREGADA--NOMBRE DE ENTIDAD CORPORATIVA | |
| Nombre de entidad corporativa o nombre de jurisdicción como elemento de entrada | Harvest Filmworks. |
| 710 2# - ENTRADA AGREGADA--NOMBRE DE ENTIDAD CORPORATIVA | |
| Nombre de entidad corporativa o nombre de jurisdicción como elemento de entrada | Truth & Soul (Firm) |
| 710 2# - ENTRADA AGREGADA--NOMBRE DE ENTIDAD CORPORATIVA | |
| Nombre de entidad corporativa o nombre de jurisdicción como elemento de entrada | Plantain Films (Firm) |
| 710 2# - ENTRADA AGREGADA--NOMBRE DE ENTIDAD CORPORATIVA | |
| Nombre de entidad corporativa o nombre de jurisdicción como elemento de entrada | Artisan Entertainment (Firm) |
| 942 ## - ELEMENTOS DE ENTRADA SECUNDARIOS (KOHA) | |
| Fuente del sistema de clasificación o colocación | Clasificación de Library of Congress |
| Tipo de ítem Koha | |
| 994 ## - | |
| -- | C0 |
| -- | DRFGD |
| Estatus retirado | Estado de pérdida | Fuente del sistema de clasificación o colocación | Estado de daño | No para préstamo | Biblioteca de origen | Biblioteca actual | Ubicación en estantería | Fecha de adquisición | Signatura topográfica completa | Código de barras | Visto por última vez | Copia número | Tipo de ítem Koha |
|---|---|---|---|---|---|---|---|---|---|---|---|---|---|
| Clasificación de Library of Congress | Biblioteca Juan Bosch | Biblioteca Juan Bosch | Colección Multimedia (Humanidades 4to. Piso) | 10/04/2023 | CM DVD 00226 | 00000030272 | 25/10/2018 | 1 |
